000 00512nam a2200169Ia 4500
003 IEPS
005 20250703135311.0
008 250223s9999||||xx |||||||||||||| ||und||
040 _CIEPS
041 _aara
082 _a370.1
245 0 _aالللقاء العربي الأول لخبراء الكورت
245 0 _bالكورت تحت المجهر
260 _aعمان
_bمركز ديبونو لتعليم التفكير
_c2006
300 _a235 ص.
_bجداول ، رسوم
_c24 سم.
942 _cكتاب
999 _c13070
_d13070